| 000 | 01141nam0a2200337 4500 | ||
|---|---|---|---|
| 001 | RU\NLR\BIBL_A\012447086 | ||
| 005 | 20210312154700.0 | ||
| 010 |
_a978-5-00170-156-9 _9200 |
||
| 021 |
_aRU _bКН-П-20-059088 _9КН-П-20-4414 |
||
| 035 | _a(NLR Aleph) 012447086 | ||
| 035 | _a(RuMoRGB)010436126 | ||
| 090 |
_a11955463 _c11955463 |
||
| 100 | _a20210204d2020 u y0rusy50 ca | ||
| 101 | 0 | _arus | |
| 102 | _aRU | ||
| 105 | _ay|||z|||000gy | ||
| 181 | 0 |
_ai _baxxe |
|
| 182 | 0 | _an | |
| 200 | 1 |
_aПримеряет наряды природа _e[стихотворения] _fСветлана Комракова |
|
| 203 |
_aТекст _bвизуальный _cнепосредственный |
||
| 210 |
_aМосква _cУ Никитских ворот _d2020 |
||
| 215 |
_a139, [4] с. _d21 |
||
| 225 | 1 |
_a101 поэт XXI века _v51 |
|
| 686 | 2 | _aШ6(2=Р)8-5 | |
| 700 | 1 |
_aКомракова _bС. С. _gСветлана Семеновна |
|
| 942 | _cBOOK | ||
| 980 | _aNBR | ||
| 980 | _aNB | ||